00826nam a2200253 4500003000400000005001700004008004100021020003800062040002500100082001700125100004000142245004000182264006500222300005400287336002100341337002500362338002300387504003300410520002200443586003600465650003000501650002300531650001800554OSt20240326104100.0240324s2018 my ao gr6 000 f may d a9789674464158cRM 0.00qpaperback aPPAKbengcPPAKerda04223a899.23330 aRamlee Awang Murshidd1967-eAuthor00aFIKSYEN 302 /cRAMLEE AWANG MURSHID 1aShah Alam, Selangor :bGrup Buku Karangkraf Sdn. Bhd.,c2018 a501 pages :bIllustrations, Photograph ;c18.5 cm atext2rdacontent aunmediated2rdamedia avolume2rdacarrier aBibliography : pages 493-494 a"Jangan percaya!" aNovelis thriller No. 1 Malaysia10aMalaysian fiction (Malay)20aParanormal fiction20aMalay fiction